000 00406nam a22001577a 4500
005 20231208104556.0
008 231208b |||||||| |||| 00| 0 eng d
020 _a978-969-652-028-3
082 _a658.022
_bAZA
100 _aAzam, Roomi Muhammad Dr.
245 _aBohat Kamaain
260 _aLahore
_bJamhoori Publications
_c2015
300 _a253
650 _anagement/general Management
999 _c34857
_d34857